000
00311nam a22001337a 4500
008
180202b xxu||||| |||| 00| 0 eng d
020
_a
0122281020
041
_a
eng
080
_a
610
100
_a
4
101
_a
SHM
245
_a
Staphylococci and Staphylococcal Infections
_c
Esmon, C.S.F
942
_2
udc
_c
BK
999
_c
41608
_d
41608